Tame, messy and wicked risk leadership / (Record no. 134906)

MARC details
000 -LEADER
fixed length control field 00986cam a22002775a 4500
001 - CONTROL NUMBER
control field vtls003226198
003 - CONTROL NUMBER IDENTIFIER
control field MY-SjTCS
005 - DATE AND TIME OF LATEST TRANSACTION
control field 20200226114600.0
008 - FIXED-LENGTH DATA ELEMENTS--GENERAL INFORMATION
fixed length control field 111109s2010 enka b 001 0 eng
020 ## - INTERNATIONAL STANDARD BOOK NUMBER
International Standard Book Number 9780566092428 (pbk.)
020 ## - INTERNATIONAL STANDARD BOOK NUMBER
International Standard Book Number 0566092425 (pbk.)
020 ## - INTERNATIONAL STANDARD BOOK NUMBER
International Standard Book Number 9781409408734 (ebk.)
020 ## - INTERNATIONAL STANDARD BOOK NUMBER
International Standard Book Number 1409408736 (ebk.)
039 #9 - LEVEL OF BIBLIOGRAPHIC CONTROL AND CODING DETAIL [OBSOLETE]
Level of rules in bibliographic description 201603071106
Level of effort used to assign nonsubject heading access points malathy
Level of effort used to assign subject headings 201202181129
Level of effort used to assign classification muhammad_fadzli
Level of effort used to assign subject headings 201202161227
Level of effort used to assign classification izani
-- 201111090820
-- shaqilah
082 04 - DEWEY DECIMAL CLASSIFICATION NUMBER
Classification number 658.155
Item number HAN 2010
100 1# - MAIN ENTRY--PERSONAL NAME
Personal name Hancock, David,
Dates associated with a name 1960 Jan. 15-
9 (RLIN) 57452
245 10 - TITLE STATEMENT
Title Tame, messy and wicked risk leadership /
Statement of responsibility, etc. David Hancock.
260 ## - PUBLICATION, DISTRIBUTION, ETC.
Place of publication, distribution, etc. Farnham, Surrey, England ;
-- Burlington, VT :
Name of publisher, distributor, etc. Gower Pub.,
Date of publication, distribution, etc. c2010.
300 ## - PHYSICAL DESCRIPTION
Extent xvi, 92 p. :
Other physical details ill. ;
Dimensions 22 cm.
490 1# - SERIES STATEMENT
Series statement Advances in project management
504 ## - BIBLIOGRAPHY, ETC. NOTE
Bibliography, etc. note Includes bibliographical references and index.
650 #0 - SUBJECT ADDED ENTRY--TOPICAL TERM
Topical term or geographic name entry element Risk management.
650 #0 - SUBJECT ADDED ENTRY--TOPICAL TERM
Topical term or geographic name entry element Project management.
830 #0 - SERIES ADDED ENTRY--UNIFORM TITLE
Uniform title Advances in project management.
920 ## - Programme
Programme TBS : 175982
Holdings
Withdrawn status Lost status Source of classification or shelving scheme Damaged status Not for loan Home library Current library Date acquired Total Checkouts Barcode Date last seen Date last checked out Copy number Uniform Resource Identifier Koha item type Public note
    Dewey Decimal Classification     Taylor's Library-TU Taylor's Library-TU 14/12/2011 1 5000127084 05/12/2019 10/05/2012 1 Floor 4, Shelf 24 , Side 2, TierNo 2, BayNo 3 Main Collection TBSxx,34001,03,AD